Comprehensive Biochemistry / (Record no. 57080)
[ view plain ]
| 000 -LEADER | |
|---|---|
| fixed length control field | 00905nam a2200277 a 4500 |
| 001 - CONTROL NUMBER | |
| control field | 57080 |
| 003 - CONTROL NUMBER IDENTIFIER | |
| rucl marc code | BD-RjUL |
| 005 - DATE AND TIME OF LATEST TRANSACTION | |
| control field | 20211209080451.0 |
| 008 - FIXED-LENGTH DATA ELEMENTS--GENERAL INFORMATION | |
| fixed length control field | 161205s1964 nyu||||| |||| 001 0 eng d |
| 020 ## - INTERNATIONAL STANDARD BOOK NUMBER | |
| International Standard Book Number | 0444415831 (v.24) |
| 035 ## - SYSTEM CONTROL NUMBER | |
| System control number | (BD-RjUL)57204 |
| 040 ## - CATALOGING SOURCE | |
| Original cataloging agency | BD-RjUL |
| Language of cataloging | eng |
| Transcribing agency | BD-RjUL |
| Modifying agency | BD-RjUL |
| 041 ## - LANGUAGE CODE | |
| Language code of text/sound track or separate title | eng |
| 082 ## - DEWEY DECIMAL CLASSIFICATION NUMBER | |
| Edition number | 23 |
| Classification number | 572 |
| Author mark and year | COM 1964 |
| 245 00 - TITLE STATEMENT | |
| Title | Comprehensive Biochemistry / |
| Statement of responsibility, etc. | Edited by Marcel Florkin, Elmer Henry Stotz |
| 250 ## - EDITION STATEMENT | |
| Edition statement | rev. ed. |
| 260 ## - PUBLICATION, DISTRIBUTION, ETC. (IMPRINT) | |
| Place of publication, distribution, etc. | New York : |
| Name of publisher, distributor, etc. | Elsevier Publishing Company, |
| Date of publication, distribution, etc. | 1964 |
| 300 ## - PHYSICAL DESCRIPTION | |
| Pagination | V. : |
| Size | 23 cm. |
| 504 ## - BIBLIOGRAPHY, ETC. NOTE | |
| Bibliography, etc | Includes Bibliographical References and Index |
| 505 ## - FORMATTED CONTENTS NOTE | |
| Formatted contents note | Vol. 13 Report of the commission on enzymes of the international union of biochemistry -- |
| 650 ## - SUBJECT ADDED ENTRY--TOPICAL TERM | |
| Topical term or geographic name as entry element | Biochemistry |
| 9 (RLIN) | 166855 |
| Topical term or geographic name as entry element | Molecular biology |
| 9 (RLIN) | 166856 |
| 700 ## - ADDED ENTRY--PERSONAL NAME | |
| Personal name | Florkin, Marcel |
| Personal name | Stotz, Elmer Henry |
| 942 ## - ADDED ENTRY ELEMENTS (KOHA) | |
| Source of classification or shelving scheme | Dewey Decimal Classification |
| Koha item type | Books |
| Lost status | Source of classification or shelving scheme | Damaged status | Not for loan | Collection code | Permanent Location | Current Location | Shelving location | Date acquired | Source of acquisition | Total Checkouts | Full call number | Date last seen | Copy number | Koha item type |
|---|---|---|---|---|---|---|---|---|---|---|---|---|---|---|
| Dewey Decimal Classification | Not For Loan | Non-fiction | Central Library, University of Rajshahi | Central Library, University of Rajshahi | Reading Room | 21/06/1966 | Asia foundation | 572 COM V-13 1964 | 05/12/2016 | C-1 | Books |